Normal view
MARC view
- Ilahi, Rehmat
Entry Personal Name
001 - CONTROL NUMBER
- control field: 17385
003 - CONTROL NUMBER IDENTIFIER
- control field: NUST
005 - DATE AND TIME OF LATEST TRANSACTION
- control field: 20190711061019.0
008 - FIXED-LENGTH DATA ELEMENTS
- fixed length control field: 190711|| aca||aabn | a|a d
040 ## - CATALOGING SOURCE
- Original cataloging agency: NUST
- Transcribing agency: NUST
100 ## - HEADING--PERSONAL NAME
- Personal name: Ilahi, Rehmat
670 ## - SOURCE DATA FOUND
- Source citation: Work cat.: (NUST): Ilahi, Rehmat, Kia Men Kafir Hun? : aik Qadiyani Talba ki Zehni Kashmakash /, 2010.
